000 00392nam a2200145Ia 4500
008 231129s2012||||xx |||||||||||||| ||spa||
020 _aISBN 10: 958-04-5043
040 _bspa
082 _a(i) Co863 C112p
100 _aCaballero Calderón Eduardo
245 0 _aLa piedra filosofal
260 _c2012
264 _aGrupo Editorial Norma
942 _2ddc
_cBKS
999 _c17926
_d17926